Estadística y biometría : (Registro nro. 10299)

000 -CABECERA
campo de control de longitud fija 00962nam a2200289 a 4500
001 - NÚMERO DE CONTROL
campo de control 000081890
005 - FECHA Y HORA DE LA ÚLTIMA TRANSACCIÓN
campo de control 20200120224636.0
008 - DATOS DE LONGITUD FIJA--INFORMACIÓN GENERAL
campo de control de longitud fija 161128s2015 ag d|||gr|||| 001 ||spa d
020 ## - NÚMERO INTERNACIONAL ESTÁNDAR DEL LIBRO
Número Internacional Estándar del Libro 9789875916463
041 0# - CÓDIGO DE LENGUA
Código de lengua del texto/banda sonora o título independiente /-spa
043 ## - CÓDIGO DE ÁREA GEOGRÁFICA
Código de área geográfica s-ag---
082 04 - NÚMERO DE LA CLASIFICACIÓN DECIMAL DEWEY
Número de clasificación 570.15195
Número de documento/Ítem E71
Número de edición 21
245 10 - MENCIÓN DE TÍTULO
Título Estadística y biometría :
Resto del título ilustraciones del uso de infoStat en problemas de agronomía /
Mención de responsabilidad, etc. Mónica Balzarini... [et.al.].
250 ## - MENCIÓN DE EDICIÓN
Mención de edición 1a. ed.
260 ## - PUBLICACIÓN, DISTRIBUCIÓN, ETC.
Lugar de publicación, distribución, etc. Córdoba :
Nombre del editor, distribuidor, etc. Editorial Brujas,
Fecha de publicación, distribución, etc. 2015.
300 ## - DESCRIPCIÓN FÍSICA
Extensión 404 páginas :
Otras características físicas diagramas.
500 ## - NOTA GENERAL
Nota general Incluye índicey tablas
504 ## - NOTA DE BIBLIOGRAFÍA, ETC.
Nota de bibliografía, etc. Referencias bibliográficas : p.351-352
650 17 - PUNTO DE ACCESO ADICIONAL DE MATERIA--TÉRMINO DE MATERIA
Término de materia o nombre geográfico como elemento de entrada Estadística vital
Fuente del encabezamiento o término LEMB
650 27 - PUNTO DE ACCESO ADICIONAL DE MATERIA--TÉRMINO DE MATERIA
Término de materia o nombre geográfico como elemento de entrada Agricultura
Subdivisión general Estadística
Fuente del encabezamiento o término LEMB
650 27 - PUNTO DE ACCESO ADICIONAL DE MATERIA--TÉRMINO DE MATERIA
Término de materia o nombre geográfico como elemento de entrada Variables (Estadística)
Fuente del encabezamiento o término LEMB
650 27 - PUNTO DE ACCESO ADICIONAL DE MATERIA--TÉRMINO DE MATERIA
Término de materia o nombre geográfico como elemento de entrada Análisis de regresión
Fuente del encabezamiento o término LEMB
650 27 - PUNTO DE ACCESO ADICIONAL DE MATERIA--TÉRMINO DE MATERIA
Término de materia o nombre geográfico como elemento de entrada Geografía
Subdivisión general Estadística
Fuente del encabezamiento o término LEMB
700 1# - PUNTO DE ACCESO ADICIONAL--NOMBRE DE PERSONA
Nombre de persona Balzarini, Mónica
700 1# - PUNTO DE ACCESO ADICIONAL--NOMBRE DE PERSONA
Nombre de persona Rienzo, Julio Di
700 1# - PUNTO DE ACCESO ADICIONAL--NOMBRE DE PERSONA
Nombre de persona Tablada, Margot
Término indicativo de función/relación Autor
Existencias
Estado de retiro Estado de pérdida Fuente del sistema de clasificación o colocación Estado dañado No para préstamo Código de colección Localización permanente Ubicación/localización actual Fecha de adquisición Número de inventario Total de préstamos Signatura topográfica completa Código de barras Fecha visto por última vez Número de copia Precio válido a partir de Tipo de ítem Koha Nota pública
          Colección General Biblioteca Pública San Juan Bosco Biblioteca Pública San Juan Bosco 20/01/2020 105710   570.15195 E71 MOS017110 | MS 20/01/2020 ej.1 20/01/2020 Libro Ocho días

© Todos los derechos reservados para la Biblioteca Pública Municipal San Juan Bosco, 2020
Secretaria de Cultura de Mosquera
Carrera 3 N° 10 Esquina Centro Cultural Barrio El Carmén Teléfono: 8270830 Ext: 34
Funcionando con KOHA
Contacto: Biblioteca Pública Municipal San Juan Bosco/ bibliotecasanjuanbosco@mosquera-cundinamarca.gov.co
Mosquera, Cundinamarca